| 000 | 010090000a22002170004500 | ||
|---|---|---|---|
| 020 | _a978-958-8599-55-7 | ||
| 041 | 0 | _aSPA | |
| 082 | 0 | 4 | _aG 307.3364 A346p |
| 110 | 1 | _aAlcaldía de Medellín | |
| 245 | 1 | 0 | _aPlaneación del desarrollo Local : una experiencia de participación ciudadana en la Comuna 7 - Robledo / Alcaldía de Medellín |
| 260 | _aMedellín, Colombia : Esumer | ||
| 300 | _a321 p. | ||
| 501 | _arústico | ||
| 505 | 0 | 0 | _aUn marco conceptual para el desarrollo local participativo -- Sustentación del modelo -- Principios -- Criterios -- Orientación del modelo -- Referentes estratégicos -- Características del modelo -- Enfoque -- Propósito del modelo de gestión Integral -- Dimensiones y componentes -- Análisis estructural -- Metodología de trabajo -- Gráficas -- Tablas |
| 650 | 1 | 4 | _aDESARROLLO DE LA COMUNIDAD - ROBLEDO |
| 001 | 18458 | ||
| 942 | _cBK | ||
| 999 |
_c44891 _d44891 |
||
| 336 |
_atexto _btxt _2rdacontent |
||
| 337 |
_2rdamedia _asin mediación _bn |
||
| 338 |
_2rdacarrier _avolumen _bnc |
||